Physicians' desk reference. (60th ed.) (Record no. 32379)

MARC details
000 -LEADER
fixed length control field 00676nam a2200169 a 4500
008 - FIXED-LENGTH DATA ELEMENTS--GENERAL INFORMATION
fixed length control field 140314s2006 ||||||||||||||||| || u
020 ## - INTERNATIONAL STANDARD BOOK NUMBER
International Standard Book Number 9781563635267
050 ## - LIBRARY OF CONGRESS CALL NUMBER
Classification number RM 300 Phy
245 00 - TITLE STATEMENT
Title Physicians' desk reference. (60th ed.)
250 ## - EDITION STATEMENT
Edition statement 60th ed.
260 ## - PUBLICATION, DISTRIBUTION, ETC.
Place of publication, distribution, etc. Rockville MD:
Name of publisher, distributor, etc. Thomson/Gale
Date of publication, distribution, etc. 2006
300 ## - PHYSICAL DESCRIPTION
Extent 3525p.: ill.
650 ## - SUBJECT ADDED ENTRY--TOPICAL TERM
Topical term or geographic name entry element DRUGS--DICTIONARIES
650 #0 - SUBJECT ADDED ENTRY--TOPICAL TERM
Topical term or geographic name entry element BIOLOGICAL PRODUCTS--UNITED STATES--CATALOGS
650 ## - SUBJECT ADDED ENTRY--TOPICAL TERM
Topical term or geographic name entry element PHARMACEUTICAL PREPARATIONS--UNITED STATES--CATALOGS
995 ## -
-- MICHAEL CHILUFYA SATA OPEN ACCESS
-- 902378
-- CBU-SCHOOL OF MEDICINE LIBRARY (Ndola)
-- RM 300 Phy
-- 1
-- AVAILABLE
-- Mar 20, 2014
-- 902378
-- Medical Library Open Access Collection
999 ## -
-- 32379
-- 32379
Holdings
Withdrawn status Lost status Source of classification or shelving scheme Damaged status Not for loan Permanent Location Current Location Shelving location Date acquired Total Checkouts Full call number Barcode Date last seen Price effective from Koha item type
          CBU-SCHOOL OF MEDICINE LIBRARY, NDOLA. CBU-SCHOOL OF MEDICINE LIBRARY, NDOLA.   11/30/2022   RM 300 Phy 902378 11/30/2022 11/30/2022 MONOGRAPH